00789nam a22002297a 4500999001500000001000600015003000900021005001700030008004100047020001500088040002800103082001800131100002000149245009400169250001200263260006200275300004600337500002000383650002800403942001200431952011600443 c7495d749521143BD-DhUAP20210123142454.0201202s19871982ii a b 001 0 eng  a8121901243 aDLCcDLCdBD-DhUAPbeng 223a621.3 THE aTheraja, B. L.  aAdvanced problems in electrical engineering :bin S. I. system of units /cB. L. Theraja. a4th ed. aNew Delhi :bS. Chand & company,cc1982 [Reprinted 1987]. axvi, 475 pages :billustrations ;c28 cm. aIncludes index. aElectrical engineering. 2ddccBK 00102ddc4070aUAPCLbUAPCLcGeneral Stacksd2021-01-23o621.3 THEp3010021143r2021-01-23t1w2021-01-23yBK